Fragments of a vision; a journey through India's gramdan villages (Record no. 348048)

000 -LEADER
fixed length control field 00475cam a22001337a 4500
008 - FIXED-LENGTH DATA ELEMENTS--GENERAL INFORMATION
fixed length control field 180718b1971 xxu||||| |||| 00| 0 eng d
082 ## - DEWEY DECIMAL CLASSIFICATION NUMBER
Classification number Z49x54 L658
100 ## - MAIN ENTRY--PERSONAL NAME
Personal name Linton, Erica
245 ## - TITLE STATEMENT
Title Fragments of a vision; a journey through India's gramdan villages
Statement of responsibility, etc. by Erica Linton
260 ## - PUBLICATION, DISTRIBUTION, ETC.
Place of publication, distribution, etc. Varanasi
Name of publisher, distributor, etc. Sarva Seva Sangh
Date of publication, distribution, etc. 1971
300 ## - PHYSICAL DESCRIPTION
Extent 271p.
500 ## - GENERAL NOTE
General note Published for the Society for Developing Gramdans, New Delhi; Rs.25.00
650 ## - SUBJECT ADDED ENTRY--TOPICAL TERM
Topical term or geographic name entry element Land reform --India --Case studies
Holdings
Withdrawn status Lost status Damaged status Not for loan Permanent Location Current Location Date acquired Full call number Barcode Date last seen Price effective from Koha item type
        Indian Institute of Public Administration Indian Institute of Public Administration 1993-10-21 Z49x54 L658 46599 2018-07-21 2018-07-21 Book

Powered by Koha